Wem gehört das Fußballstadion? - Statistiken

Allgemein
  • Dieses Quiz wurde 351 mal gespielt
  • Das Durchschnittsergebnis liegt bei 11 aus 15
Antwortstatistiken
Stadion Mannschaft % Korrekt
Allianz Arena Bayern München
100%
Signal Iduna Park Borussia Dortmund
98%
Estadio Santiago Bernabéu Real Madrid
96%
Veltins Arena FC Schalke 04
91%
Anfield Stadium Liverpool
91%
Olympiastadion Rom Lazio Rom
89%
Weserstadion Werder Bremen
89%
Etihad Stadium Manchester City
83%
Stamford Bridge Chelsea
79%
Stadio Diego Armando Maradona SSC Neapel
75%
Giuseppe-Meazza-Stadion AC Mailand
63%
PreZero Arena Hoffenheim
53%
Princes Park Paris Saint-Germain
49%
Goodison Park Everton
42%
RAMS Park Galatasaray
17%
Keine übereinstimmenden Quizze gefunden
Verteilung der Resultate
Anzahl Personen mit jedem Resultat
Perzentil nach korrekt beantworteten Fragen
Ihre Resultats-Entwicklung
Sie haben dieses Quiz noch nicht gespielt